LEADER 01070nam a2200265 u 4500 001 000000052316 003 CaOOAMICUS 005 20070226115433.0 008 001013s1965 enk u000 u grc u 035 $a10858192 040 $aPUL(R)$bita 100 0 $aAristophanes,$dc. 445-c. 385 a.C.$0(OLS)http://pul/name/1745 240 10$aNubes$9(Aristophanes, c. 445-c. 385 a.C.).$0(OLS)http://pul/title/25381 245 14$aThe clouds /$cwith introduction and notes by W.W. Merry. 260 $aOxford :$bClarendon press,$c1965. 300 $axii, 104 p. ;$c17 cm 500 $aRistampa della new ed. 1882? 700 1 $aMerry, William Walter,$d1835-1918.$0(OLS)http://pul/name/37398 850 $aPUL 852 $aPUL$W1$xDP1 Fondo Ciprotti$y59$m1546 C 17$j69211$n $b $qFondi$B69211$CPULBib$Z2$F69211 $H $81 900 $aAristofane,$dc. 445-c. 385 a.C.$91745 941 1 $a1 961 $aINV: F.cIPROTTI 996 $6245$aThe clouds$9(OLS)http://pul/title/70199 996 $6260$aOxford :$bClarendon press$9(OLS)http://pul/publisher/48614 LEADER 01524nam a2200313 a 4500 001 000000175637 003 CaOOAMICUS 005 20230529131348.0 008 230120s2022 it m 000 u ita r 032 $aLibriCat 040 $aPUL$bita 084 $a262.94 100 1 $aSolaini, Luca.$0(OLS)http://pul/name/112867 245 00$aConvincimento giudiziale e certezza peritale nei processi canonici : $bil ruolo dell'equità canonica nei giudizi di nullità matrimoniale /$cLuca Solaini. 260 $aMilano :$bKey Editore,$c2022. 300 $a211 p. ;$b$c24 cm 440 0$aPercorsi di diritto e religione ;$v2 504 $aBibliografia: p. 187-209. 650 4$aGiudici ecclesiastici.$0(OLS)http://pul/subject/42750 650 4$aDiritto processuale canonico$xGiudici.$0(OLS)http://pul/subject/42227 830 0$aPercorsi di diritto e religione ;$v2.$0(OLS)http://pul/title/217090 850 $aPUL 852 $aPUL$W1$xSL Diritto Canonico 3$y77$m262. 94 SOLLU 1$j199821$qDDC 21$B204578$CPULBib$Z2$F204578 $H135994 $82 941 1 $a9 996 $6084$a262.94$9(OLS)http://pul/classification/3291 996 $6245$aConvincimento giudiziale e certezza peritale nei processi canonici : $bil ruolo dell'equità canonica nei giudizi di nullità matrimoniale$9(OLS)http://pul/title/217089 996 $6440$aPercorsi di diritto e religione$9(OLS)http://pul/title/217090 996 $6260$aMilano :$bKey Editore$9(OLS)http://pul/publisher/87535